Quelle ville commençant par J? - Statistiques

Statistiques générales
  • Ce quiz a été pris 453 fois
  • Le résultat moyen est 5 sur 10
Statistiques - réponses
Hint Réponse % Correct
Capitale de l'Indonésie Jakarta
98%
La ville la plus peuplée d'Afrique du Sud Johannesbourg
96%
Cette capitale est dite "trois fois sainte" Jérusalem
94%
Capitale du Mississippi Jackson
56%
Plus grande ville de Floride Jacksonville
47%
Ville de Cisjordanie, célèbre pour l'épisode de ses murs, dans la Bible Jéricho
46%
Capitale du Rajasthan, en Inde Jaipur
37%
Se trouve en face d'El Paso, de l'autre côté de la frontière, sur la rive gauche du Rio Bravo (Cuidad) Juárez
24%
Se situe là où se situait la frontière histoirique entre l'Espagne et al-Andalus Jerez de la Frontera
22%
Capitale de l'île sud-coréenne du même nom Jeju
16%
Aucun quiz correspondant
Distribution des résultats
% des personnes avec chaque résultat
Percentile par nombre de réponses
Votre historique - résultats
Vous n’avez pas pris ce quiz